| 000 | 004490000a22001810004500 | ||
|---|---|---|---|
| 003 | MACL | ||
| 005 | 20150903152553.0 | ||
| 008 | 150903b xxu||||| |||| 00| 0 eng d | ||
| 040 |
_aMACL _cMACL |
||
| 041 | _aEnglish | ||
| 082 | _a800.54/JOS | ||
| 100 |
_aJoshi, Umashankar _98928 |
||
| 245 | _aIndian Literature Personal Encounters | ||
| 260 |
_bPapyrus _c1988 _aCalcutta |
||
| 350 | _a125 | ||
| 650 |
_aLiterature _98929 |
||
| 942 |
_cBK _k800.54 _2ddc |
||
| 999 |
_c6494 _d6494 |
||